Sports Quiz

Random Sports or NBA Quiz

All Time Great Sixers Quiz Stats

 Plays Quiz not verified by Sporcle

Score 0/22 Timer 07:00
0 Plays Today
Number Name % Correct
3Allen Iverson
98.2%
6Julius Erving
92.4%
2Moses Malone
85.5%
34Charles Barkley
81.6%
13Wilt Chamberlain
76.4%
10Mo Cheeks
76.4%
4/9Andre Iguodala
72%
55Dikembe Mutombo
68%
15Hal Greer
58%
32Billy Cunningham
54.1%
24Bobby Jones
53.6%
Number Name % Correct
53Darryl Dawkins
48.1%
22Andrew Toney
46.4%
8Aaron McKie
45.7%
20Doug Collins
42.7%
42Jerry Stackhouse
35.5%
33Hersey Hawkins
34.1%
21Lloyd Free
26.9%
30George McGinnis
23%
14Jeff Hornacek
17.5%
25Chet Walker
14.2%
35Armen Gilliam
5.9%

You're not logged in!

Compare scores with friends on all Sporcle quizzes.
OR
Log In

Show Comments

Extras

Top Quizzes Today


Score Distribution

Your Account Isn't Verified!

In order to create a playlist on Sporcle, you need to verify the email address you used during registration. Go to your Sporcle Settings to finish the process.

Report this User

Report this user for behavior that violates our Community Guidelines.

Details: